ბათუმის შოთა რუსთაველის სახელმწიფო უნივერსიტეტის ბიბლიოთეკა

გიორგი ლეონიძის ლირიკა (ბიბ.ჩანაწერი № 43229)

000 -LEADER
fixed length control field 00863nam a2200229Ia 4500
001 - CONTROL NUMBER
control field 9956
003 - CONTROL NUMBER IDENTIFIER
control field GE_BSU
008 - FIXED-LENGTH DATA ELEMENTS--GENERAL INFORMATION
fixed length control field 181216s||||||||xx |||||||||||||| ||und||
040 ## - CATALOGING SOURCE
Transcribing agency GE_BSU
080 ## - UNIVERSAL DECIMAL CLASSIFICATION NUMBER
Universal Decimal Classification number 821.353.1(092ლეონიძე,გ)+821.353.1.09-1
100 ## - MAIN ENTRY--PERSONAL NAME
Personal name ნიკოლეიშვილი,ავთანდილ
245 ## - TITLE STATEMENT
Title გიორგი ლეონიძის ლირიკა
245 ## - TITLE STATEMENT
Remainder of title გიორგი ლეონიძის პოეტური შემოქმედება
245 ## - TITLE STATEMENT
Statement of responsibility, etc. რედ:ომარ გვეტაძე
260 ## - PUBLICATION, DISTRIBUTION, ETC.
Place of publication, distribution, etc. ქუთაისი
260 ## - PUBLICATION, DISTRIBUTION, ETC.
Name of publisher, distributor, etc. საწუთრო
260 ## - PUBLICATION, DISTRIBUTION, ETC.
Date of publication, distribution, etc. 1993.
300 ## - PHYSICAL DESCRIPTION
Extent 172გვ;16სმ.
653 ## - INDEX TERM--UNCONTROLLED
Uncontrolled term გიორგი ლეონიძის პოეტური შემოქმედება
942 ## - ADDED ENTRY ELEMENTS (KOHA)
Koha item type წიგნი
ეგზემპლარები
Withdrawn status Lost status Damaged status Not for loan Date acquired Barcode Date last seen Price effective from Koha item type
        2018-12-17 33266 2018-12-17 2018-12-17 წიგნი